|
|
|
|
| LEADER |
00899nam a22002051 4500 |
| 001 |
c000366907 |
| 003 |
CARM |
| 005 |
00000000000000.0 |
| 008 |
851211s1962 nju 0 eng d |
| 019 |
1 |
|
|a 4168774
|z 42735921
|5 LACONCORD2021
|
| 035 |
|
|
|a (OCoLC)322848
|5 LACONCORD2021
|
| 110 |
2 |
0 |
|a National Association of Mutual Savings Banks.
|
| 245 |
1 |
0 |
|a Mutual savings banking /
|c basic characteristics and role in the national economy. A monograph prepared for the Commission on Money and Credit.
|
| 260 |
|
|
|a Englewood Cliffs, N.J. :
|b Prentice-Hall,
|c 1962.
|
| 490 |
0 |
|
|a Trade associations monographs.
|
| 650 |
|
0 |
|a Savings banks
|z United States.
|
| 852 |
8 |
|
|b CARM
|h A1:AL29E0
|i C10613
|p 0466881
|f BK
|
| 082 |
0 |
4 |
|a 332.2
|
| 999 |
f |
f |
|i f4b28023-9a79-5d04-9ba5-bcaf2a271199
|s df7cc771-2532-57e2-93d2-4bd7cda6fcf4
|
| 952 |
f |
f |
|p Can circulate
|a CAVAL
|b CAVAL
|c CAVAL
|d CARM 1 Store
|e C10613
|f A1:AL29E0
|h Other scheme
|i book
|m 0466881
|